Технологии гражданской безопасности. Т. 16 , № 2 (60) (Запись № 11832914)

Подробности
000 -МАРКЕР
контрольное поле 00839nam2a2200205 4500
001 - ИДЕНТИФИКАТОР ЗАПИСИ
контрольное поле RU\NLR\PER_A\002703540_000880
005 - ИДЕНТИФИКАТОР ВЕРСИИ
контрольное поле 20250623204414.0
035 ## - ДРУГИЕ СИСТЕМНЫЕ НОМЕРА
Идентификатор записи (NLR Aleph) 012086703
100 ## - ДАННЫЕ ОБЩЕЙ ОБРАБОТКИ
Данные общей обработки 20190904d2019 |||y0rusy50 ca
101 0# - ЯЗЫК РЕСУРСА
Язык текста, звукозаписи и т.д. русский
102 ## - СТРАНА ПУБЛИКАЦИИ ИЛИ ПРОИЗВОДСТВА
Страна публикации Российская Федерация
200 0# - ЗАГЛАВИЕ И СВЕДЕНИЯ ОБ ОТВЕТСТВЕННОСТИ
Основное заглавие Т. 16 , № 2 (60)
210 ## - ПУБЛИКАЦИЯ, РАСПРОСТРАНЕНИЕ И ДР.
Дата издания, распространения и т.д. 2019
Место издания, распространения и т.д. Б. м.
461 #0 - УРОВЕНЬ НАБОРА
Встроенное поле 001RU\NLR\Per\521668
-- 2001#$aТехнологии гражданской безопасности$eнаучно-технический журнал$vТ. 16 , № 2 (60)
Системный номер (АБИС) связанной записи 4339604
Место публикации Москва
Дата публикации 2004 -
Имя издателя, распространителя и т.д. Изд-во Куна
Сведения, относящиеся к заглавию научно-технический журнал
Заглавие Технологии гражданской безопасности
ISSN 1996-8493
Номер тома Т. 16 , № 2 (60)
852 ## - МЕСТОНАХОЖДЕНИЕ И ШИФР ХРАНЕНИЯ
Идентификатор организации NLR
Шифр хранения (Call Number) П11/5380
942 ## - ДОПОЛНИТЕЛЬНЫЕ ЭЛЕМЕНТЫ ЗАПИСИ (АБИС)
Тип экземпляра АБИС Выпуск
980 ## - КОЛЛЕКЦИЯ
Название коллекции Национальная библиография
980 ## - КОЛЛЕКЦИЯ
Название коллекции Русская периодика

Нет доступных экземпляров.